| 000 | 00951nam a22002177a 4500 | ||
|---|---|---|---|
| 003 | 0 | ||
| 005 | 20250219170528.0 | ||
| 008 | 250219b xxu||||| |||| 00| 0 eng d | ||
| 050 |
_aHG 3751 _b.Ch58 2023 |
||
| 100 | _aChua, John Vincent | ||
| 245 |
_aThe degree of reliance on financial debts of micro and small enterprise in Santa Rosa City, Laguna _cJohn Vincent Chua |
||
| 260 |
_aLas Pinas City _bSouthville International School and Colleges _cc2023 |
||
| 300 |
_aix, 75 pages ; _c28cm. |
||
| 500 | _aBachelor of Science in Accountancy. | ||
| 504 | _aIncludes bibliographical references and appendices. | ||
| 650 | _aBusiness debt—Philippines—Santa Rosa City, Laguna. | ||
| 650 | _aSmall business—Finance—Philippines—Santa Rosa City, Laguna. | ||
| 650 | _aMicroenterprises—Finance—Philippines—Santa Rosa City, Laguna. | ||
| 650 | _aSmall business—Management—Philippines—Santa Rosa City, Laguna. | ||
| 942 |
_2lcc _cTH |
||
| 999 |
_c367257 _d367257 |
||